Ilmu kayu-kayan
| Main Author: | |
|---|---|
| Format: | Book |
| Published: |
Kuala Lumpur :
Jabatan Perhutanan Semenanjung Malaysia ,
1974
|
| Subjects: |
MARC
| LEADER | 00000cam a2200000 7i4500 | ||
|---|---|---|---|
| 001 | 0000002026 | ||
| 005 | 20020813.0 | ||
| 090 | 0 | 0 | |a JPSM575.46 |b ARN 1974 |
| 100 | 1 | 0 | |a ARNOT |h D. B. |
| 245 | 1 | 0 | |a Ilmu kayu-kayan |c D. B. Arnot |
| 260 | 0 | 0 | |a Kuala Lumpur : |b Jabatan Perhutanan Semenanjung Malaysia , |c 1974 |
| 300 | |a 52 p. : |b ill. ; |c 26 cm. | ||
| 500 | 0 | 0 | |a Includes index |
| 650 | 0 | 0 | |a Wood |x Identification |
| 998 | |a JPSM | ||
| 999 | |a 0000003147 |b Monograph |c Open Shelf |e Default branch | ||
| 999 | |a 0000005092 |b Monograph |c Open Shelf |e Default branch | ||